[Event "4NCL9495 2nd Season"]
[Site "Various Venues"]
[Date "1995.01.21"]
[Round "5.2"]
[White "Littlewood, John Eric"]
[Black "Cobb, James"]
[Result "0-1"]
[WhiteElo "2310"]
[BlackElo "2265"]
[PlyCount "58"]
[EventDate "1994.10.01"]
[EventType "team-tourn"]
[EventRounds "11"]
[EventCountry "GBR"]
[SourceTitle "BritBase"]
[SourceDate "2020.05.17"]
[SourceVersion "1"]
[SourceVersionDate "2020.05.17"]
[SourceQuality "1"]
[WhiteTeam "North West Eagles"]
[BlackTeam "Witney"]
[WhiteTeamCountry "ENG"]
[BlackTeamCountry "ENG"]

1. e4 e6 2. d4 d5 3. e5 c5 4. dxc5 Nc6 5. Nf3 Bxc5 6. Bd3 Nge7 7. Bf4 Bd7 8.
O-O Ng6 9. Bg3 O-O 10. c4 dxc4 11. Bxc4 Nce7 12. Nc3 Bc6 13. Qe2 Nf5 14. Ne4
Be7 15. a3 Qc7 16. Ned2 h5 17. h3 Nxg3 18. fxg3 Qb6+ 19. Kh2 Qxb2 20. Rae1 Rad8
21. Bd3 Qxa3 22. Bxg6 fxg6 23. Qc4 Bd5 24. Qc2 Bb4 25. Ra1 Qe3 26. Rfe1 Qc5 27.
Qxc5 Bxc5 28. Ne4 Bb6 29. h4 Rc8 0-1

[Event "4NCL9495 2nd Season"]
[Site "Various Venues"]
[Date "1995.01.21"]
[Round "5.3"]
[White "Brooks, Phil J"]
[Black "Lund, D Brett"]
[Result "1/2-1/2"]
[WhiteElo "2240"]
[BlackElo "2280"]
[PlyCount "57"]
[EventDate "1994.10.01"]
[EventType "team-tourn"]
[EventRounds "11"]
[EventCountry "GBR"]
[SourceTitle "BritBase"]
[SourceDate "2020.05.17"]
[SourceVersion "1"]
[SourceVersionDate "2020.05.17"]
[SourceQuality "1"]
[WhiteTeam "Witney"]
[BlackTeam "North West Eagles"]
[WhiteTeamCountry "ENG"]
[BlackTeamCountry "ENG"]

1. d4 f5 2. Qd3 d5 3. Bf4 Nf6 4. Nf3 e6 5. e3 c6 6. Be2 Nbd7 7. Nbd2 Ne4 8. Ne5
Be7 9. Nxd7 Bxd7 10. Bh5+ g6 11. Be2 O-O 12. Nxe4 fxe4 13. Qb3 b6 14. O-O Bf6
15. Bd6 Rf7 16. f3 Be8 17. Bg3 exf3 18. Bxf3 Qe7 19. Rae1 c5 20. c3 Bc6 21. e4
c4 22. Qd1 Qd7 23. Qe2 dxe4 24. Bxe4 Bd5 25. Qg4 Raf8 26. Rf2 Bg7 27. Bxd5 exd5
28. Qxd7 Rxd7 29. Rxf8+ 1/2-1/2

[Event "4NCL9495 2nd Season"]
[Site "Various Venues"]
[Date "1995.01.21"]
[Round "5.4"]
[White "House, Glenn L"]
[Black "Cobb, Charles"]
[Result "1/2-1/2"]
[WhiteElo "2240"]
[BlackElo "2170"]
[PlyCount "102"]
[EventDate "1994.10.01"]
[EventType "team-tourn"]
[EventRounds "11"]
[EventCountry "GBR"]
[SourceTitle "BritBase"]
[SourceDate "2020.05.17"]
[SourceVersion "1"]
[SourceVersionDate "2020.05.17"]
[SourceQuality "1"]
[WhiteTeam "North West Eagles"]
[BlackTeam "Witney"]
[WhiteTeamCountry "ENG"]
[BlackTeamCountry "ENG"]

1. e4 e6 2. d4 d5 3. Nd2 Nf6 4. e5 Nfd7 5. c3 c5 6. Bd3 Nc6 7. Ne2 cxd4 8. cxd4
f6 9. exf6 Nxf6 10. Nf3 Bd6 11. O-O Qc7 12. Bg5 O-O 13. Bh4 Nh5 14. Qc2 h6 15.
Bg6 Nf4 16. Nxf4 Bxf4 17. Rfe1 Bd7 18. Rad1 Na5 19. Qe2 Qc4 20. Bd3 Qb4 21. Bg3
Nc6 22. a3 Qe7 23. Bb1 Bxg3 24. hxg3 g5 25. Rd2 Qg7 26. Qd3 Rf7 27. Ne5 Nxe5
28. Rxe5 Rc8 29. Rc2 Rxc2 30. Bxc2 a6 31. Qe3 Qf6 32. Bd3 Rf8 33. Be2 Qg6 34.
Bd3 Qf6 35. Qd2 Kg7 36. Bb1 Kg8 37. Re3 Rc8 38. Rc3 Rxc3 39. Qxc3 Bc6 40. Qe3
Kf8 41. Kf1 Bb5+ 42. Ke1 Ke7 43. Bc2 Kd6 44. f4 Bd7 45. Bd3 Ke7 46. Kd2 Kd6 47.
Kc3 Kc6 48. b4 Kd6 49. Kb3 gxf4 50. gxf4 Qh4 51. a4 Qh1 1/2-1/2

[Event "4NCL9495 2nd Season"]
[Site "Various Venues"]
[Date "1995.01.21"]
[Round "5.5"]
[White "Headlong, Timothy"]
[Black "Merriman, John"]
[Result "1/2-1/2"]
[WhiteElo "2195"]
[BlackElo "2280"]
[PlyCount "52"]
[EventDate "1994.10.01"]
[EventType "team-tourn"]
[EventRounds "11"]
[EventCountry "GBR"]
[SourceTitle "BritBase"]
[SourceDate "2020.05.17"]
[SourceVersion "1"]
[SourceVersionDate "2020.05.17"]
[SourceQuality "1"]
[WhiteTeam "Witney"]
[BlackTeam "North West Eagles"]
[WhiteTeamCountry "ENG"]
[BlackTeamCountry "ENG"]

1. Nf3 d5 2. c4 e6 3. d4 Nf6 4. Nc3 Be7 5. Bg5 O-O 6. e3 h6 7. Bh4 b6 8. Be2
Nbd7 9. cxd5 exd5 10. O-O Bb7 11. Qb3 Re8 12. Rac1 c6 13. Rfd1 Ne4 14. Nxe4
dxe4 15. Ne5 Nxe5 16. dxe5 Qc8 17. Bg3 Qf5 18. h3 h5 19. Rd2 Qg6 20. Kh1 h4 21.
Bh2 Red8 22. Rcd1 Rxd2 23. Rxd2 Bc8 24. Qd1 Bf5 25. Bc4 a5 26. a4 Kf8 1/2-1/2

[Event "4NCL9495 2nd Season"]
[Site "Various Venues"]
[Date "1995.01.21"]
[Round "5.6"]
[White "Tebb, David"]
[Black "Haydon, Richard"]
[Result "0-1"]
[WhiteElo "2305"]
[BlackElo "2190"]
[PlyCount "76"]
[EventDate "1994.10.01"]
[EventType "team-tourn"]
[EventRounds "11"]
[EventCountry "GBR"]
[SourceTitle "BritBase"]
[SourceDate "2020.05.17"]
[SourceVersion "1"]
[SourceVersionDate "2020.05.17"]
[SourceQuality "1"]
[WhiteTeam "North West Eagles"]
[BlackTeam "Witney"]
[WhiteTeamCountry "ENG"]
[BlackTeamCountry "ENG"]

1. e4 c5 2. Nc3 Nc6 3. g3 g6 4. Bg2 Bg7 5. d3 d6 6. f4 e6 7. Nf3 Nge7 8. O-O
O-O 9. Be3 Nd4 10. Qd2 Rb8 11. Rae1 b5 12. a3 a5 13. Bf2 b4 14. axb4 axb4 15.
Nd1 Nec6 16. Nxd4 Nxd4 17. Ne3 Bb7 18. g4 Ra8 19. Ra1 f5 20. Rxa8 Qxa8 21. Nc4
Qa6 22. Bh4 Rf7 23. h3 fxe4 24. f5 exf5 25. Bg3 Bf8 26. Ne3 Bh6 27. Bf4 g5 28.
Nxf5 Nxf5 29. Bxe4 gxf4 30. Bxf5 Qc6 31. Be6 Qh1+ 32. Kf2 Qg2+ 33. Ke1 Qxd2+
34. Kxd2 Bg2 35. Bxf7+ Kxf7 36. Ra1 f3+ 37. Ke1 Be3 38. Ra7+ Kg6 0-1

[Event "4NCL9495 2nd Season"]
[Site "Various Venues"]
[Date "1995.01.21"]
[Round "5.7"]
[White "Truran, Michael C"]
[Black "Wolstencroft, Darryl"]
[Result "1-0"]
[WhiteElo "2220"]
[BlackElo "2190"]
[PlyCount "59"]
[EventDate "1994.10.01"]
[EventType "team-tourn"]
[EventRounds "11"]
[EventCountry "GBR"]
[SourceTitle "BritBase"]
[SourceDate "2020.05.17"]
[SourceVersion "1"]
[SourceVersionDate "2020.05.17"]
[SourceQuality "1"]
[WhiteTeam "Witney"]
[BlackTeam "North West Eagles"]
[WhiteTeamCountry "ENG"]
[BlackTeamCountry "ENG"]

1. d4 f5 2. g3 Nf6 3. Bg2 g6 4. Nh3 Bg7 5. Nf4 d6 6. h4 O-O 7. d5 Qe8 8. h5 c6
9. Nc3 Nxh5 10. Nxh5 gxh5 11. Bf3 Qf7 12. Bg5 e5 13. Bxh5 Qc7 14. Qd2 Bf6 15.
O-O-O Bxg5 16. Qxg5+ Qg7 17. Qxg7+ Kxg7 18. dxc6 Nxc6 19. Rxd6 a5 20. e3 e4 21.
Nd5 Ne5 22. Nb6 Ra6 23. Rhd1 Nc6 24. Nxc8 Rxc8 25. Be2 Ra7 26. Rd7+ Kf6 27.
R1d6+ Ke5 28. Bc4 Nd8 29. b3 b5 30. Rd5+ 1-0

[Event "4NCL9495 2nd Season"]
[Site "Various Venues"]
[Date "1995.01.21"]
[Round "5.1"]
[White "Hennigan, Michael"]
[Black "James, David J"]
[Result "1/2-1/2"]
[WhiteElo "2410"]
[BlackElo "2250"]
[PlyCount "41"]
[EventDate "1994.10.01"]
[EventType "team-tourn"]
[EventRounds "11"]
[EventCountry "GBR"]
[SourceTitle "BritBase"]
[SourceDate "2020.05.17"]
[SourceVersion "1"]
[SourceVersionDate "2020.05.17"]
[SourceQuality "1"]
[WhiteTeam "Slough"]
[BlackTeam "South Wales Dragons"]
[WhiteTeamCountry "ENG"]
[BlackTeamCountry "WLS"]

1. e4 c5 2. Nf3 d6 3. d4 cxd4 4. Nxd4 Nf6 5. Nc3 a6 6. Be3 e5 7. Nb3 Be6 8. Be2
Be7 9. O-O O-O 10. f4 Qc7 11. g4 exf4 12. Bxf4 Nc6 13. Kh1 Rfe8 14. g5 Nd7 15.
Qd2 Bf8 16. Rad1 Nde5 17. Nd4 Nxd4 18. Qxd4 Rac8 19. Qf2 b5 20. Rd2 Qb7 21. Qd4
1/2-1/2

[Event "4NCL9495 2nd Season"]
[Site "Various Venues"]
[Date "1995.01.21"]
[Round "5.2"]
[White "Zeidler, Sven"]
[Black "Summerscale, Aaron"]
[Result "1/2-1/2"]
[WhiteElo "2215"]
[BlackElo "2435"]
[PlyCount "55"]
[EventDate "1994.10.01"]
[EventType "team-tourn"]
[EventRounds "11"]
[EventCountry "GBR"]
[SourceTitle "BritBase"]
[SourceDate "2020.05.17"]
[SourceVersion "1"]
[SourceVersionDate "2020.05.17"]
[SourceQuality "1"]
[WhiteTeam "South Wales Dragons"]
[BlackTeam "Slough"]
[WhiteTeamCountry "WLS"]
[BlackTeamCountry "ENG"]

1. e4 d6 2. d4 Nf6 3. Nc3 c6 4. Nf3 Bg4 5. Bg5 e6 6. Qd2 Be7 7. Bd3 Bxf3 8.
gxf3 d5 9. Rg1 dxe4 10. fxe4 Qxd4 11. Be3 Qe5 12. f4 Qh5 13. Rxg7 Qh4+ 14. Qf2
Ng4 15. Qxh4 Bxh4+ 16. Ke2 Nxe3 17. Kxe3 Bf6 18. Rg3 e5 19. f5 Nd7 20. Bc4 Rd8
21. Rd1 Ke7 22. Ke2 b5 23. Bxb5 cxb5 24. Nd5+ Ke8 25. Nc7+ Ke7 26. Nd5+ Ke8 27.
Nc7+ Ke7 28. Nd5+ 1/2-1/2

[Event "4NCL9495 2nd Season"]
[Site "Various Venues"]
[Date "1995.01.21"]
[Round "5.3"]
[White "Cummings, David H"]
[Black "Morris, Charles F"]
[Result "1-0"]
[WhiteElo "2375"]
[BlackElo "2195"]
[PlyCount "55"]
[EventDate "1994.10.01"]
[EventType "team-tourn"]
[EventRounds "11"]
[EventCountry "GBR"]
[SourceTitle "BritBase"]
[SourceDate "2020.05.17"]
[SourceVersion "1"]
[SourceVersionDate "2020.05.17"]
[SourceQuality "1"]
[WhiteTeam "Slough"]
[BlackTeam "South Wales Dragons"]
[WhiteTeamCountry "ENG"]
[BlackTeamCountry "WLS"]

1. d4 d5 2. c4 c6 3. Nc3 Nf6 4. e3 e6 5. Nf3 Nbd7 6. Bd3 dxc4 7. Bxc4 b5 8. Bd3
b4 9. Na4 Bb7 10. e4 Be7 11. O-O O-O 12. Qc2 h6 13. e5 Nd5 14. Qe2 Re8 15. Qe4
Nf8 16. Qg4 f5 17. exf6 Nxf6 18. Qg3 Qa5 19. Bxh6 Nh5 20. Qg4 Qxa4 21. Qxh5
gxh6 22. Ne5 Bg5 23. f4 b3 24. fxg5 Qxd4+ 25. Kh1 Qxe5 26. Qf7+ Kh8 27. Qxb7
Qg7 28. Rf7 1-0

[Event "4NCL9495 2nd Season"]
[Site "Various Venues"]
[Date "1995.01.21"]
[Round "5.4"]
[White "Richmond, Peter"]
[Black "Houska, Miroslav"]
[Result "1/2-1/2"]
[WhiteElo "2180"]
[BlackElo "2245"]
[PlyCount "54"]
[EventDate "1994.10.01"]
[EventType "team-tourn"]
[EventRounds "11"]
[EventCountry "GBR"]
[SourceTitle "BritBase"]
[SourceDate "2020.05.17"]
[SourceVersion "1"]
[SourceVersionDate "2020.05.17"]
[SourceQuality "1"]
[WhiteTeam "South Wales Dragons"]
[BlackTeam "Slough"]
[WhiteTeamCountry "WLS"]
[BlackTeamCountry "ENG"]

1. e4 c5 2. Nf3 e6 3. d4 cxd4 4. Nxd4 a6 5. Bd3 Bc5 6. Nb3 Ba7 7. O-O Nc6 8.
N1d2 Nf6 9. a4 O-O 10. Nf3 d6 11. h3 Bd7 12. Re1 Ne5 13. Nxe5 dxe5 14. Be3 Bxe3
15. Rxe3 Bc6 16. Qe1 Rc8 17. Qa5 Nd7 18. Qxd8 Rfxd8 19. Kf1 Kf8 20. Ke1 Ke7 21.
c3 g6 22. Na5 Nb6 23. Nxc6+ Rxc6 24. a5 Nd7 25. Bc2 Rd6 26. b4 f5 27. Rd1 Rxd1+
1/2-1/2

[Event "4NCL9495 2nd Season"]
[Site "Various Venues"]
[Date "1995.01.21"]
[Round "5.5"]
[White "Richardson, John R"]
[Black "Saunders, John C"]
[Result "1/2-1/2"]
[WhiteElo "2290"]
[BlackElo "2250"]
[PlyCount "121"]
[EventDate "1994.10.01"]
[EventType "team-tourn"]
[EventRounds "11"]
[EventCountry "GBR"]
[SourceTitle "BritBase"]
[SourceDate "2020.05.17"]
[SourceVersion "1"]
[SourceVersionDate "2020.05.17"]
[SourceQuality "1"]
[WhiteTeam "Slough"]
[BlackTeam "South Wales Dragons"]
[WhiteTeamCountry "ENG"]
[BlackTeamCountry "WLS"]

1. d4 Nf6 2. c4 g6 3. Nc3 Bg7 4. g3 O-O 5. Bg2 d6 6. Nf3 Nc6 7. O-O a6 8. d5
Nb8 9. Nd4 Nbd7 10. e4 Nb6 11. b3 e6 12. dxe6 fxe6 13. Bb2 Qe7 14. Nc2 e5 15.
Ne3 Be6 16. Ncd5 Nbxd5 17. cxd5 Bd7 18. Rc1 Rac8 19. Rc3 h5 20. Qc2 c6 21. dxc6
Rxc6 22. Rxc6 Bxc6 23. Ba3 Rd8 24. Nd5 Qf7 25. Rd1 Bf8 26. Bc1 Nxd5 27. exd5
Bd7 28. Qc7 Rc8 29. Qxb7 Rc2 30. Qb6 Bg4 31. Re1 Rxa2 32. f4 exf4 33. Bxf4 Qf6
34. Bc1 Qc3 35. Rf1 Be2 36. Rxf8+ Kxf8 37. Qxd6+ Kg7 38. Qe7+ Kg8 39. Qe8+ Kh7
40. Qe7+ Kg8 41. Qe8+ Kh7 42. Qe7+ Qg7 43. d6 Bb5 44. Qe3 Re2 45. Qc5 Re1+ 46.
Kf2 Rd1 47. Bf3 Qf7 48. Bf4 Rf1+ 49. Kg2 Re1 50. Qc2 h4 51. Qc7 Qxc7 52. dxc7
Bd7 53. Bb7 Re2+ 54. Kf3 Rc2 55. Bxa6 hxg3 56. hxg3 Rc3+ 57. Ke4 Rxb3 58. c8=Q
Bxc8 59. Bxc8 Rb4+ 60. Kf3 Rb3+ 61. Ke4 1/2-1/2

[Event "4NCL9495 2nd Season"]
[Site "Various Venues"]
[Date "1995.01.21"]
[Round "5.6"]
[White "Williams, Leighton"]
[Black "Webb, Richard M"]
[Result "1/2-1/2"]
[WhiteElo "2150"]
[BlackElo "2320"]
[PlyCount "52"]
[EventDate "1994.10.01"]
[EventType "team-tourn"]
[EventRounds "11"]
[EventCountry "GBR"]
[SourceTitle "BritBase"]
[SourceDate "2020.05.17"]
[SourceVersion "1"]
[SourceVersionDate "2020.05.17"]
[SourceQuality "1"]
[WhiteTeam "South Wales Dragons"]
[BlackTeam "Slough"]
[WhiteTeamCountry "WLS"]
[BlackTeamCountry "ENG"]

1. d4 Nf6 2. c4 g6 3. Nc3 d5 4. cxd5 Nxd5 5. e4 Nxc3 6. bxc3 Bg7 7. Bb5+ Bd7 8.
Bd3 c5 9. Ne2 cxd4 10. cxd4 Nc6 11. Be3 Qa5+ 12. Kf1 Nb4 13. Bd2 Qa3 14. Bxb4
Qxb4 15. Rb1 Qa5 16. Rxb7 Bc6 17. Rb2 O-O 18. Qd2 Qxd2 19. Rxd2 e6 20. f3 Rfd8
21. Bc4 Rab8 22. Kf2 Rb4 23. Bb3 Bxd4+ 24. Nxd4 Rbxd4 25. Rxd4 Rxd4 26. Ke3 Rd7
1/2-1/2

[Event "4NCL9495 2nd Season"]
[Site "Various Venues"]
[Date "1995.01.21"]
[Round "5.7"]
[White "Noyce, Robert C"]
[Black "Adams, Mark"]
[Result "1/2-1/2"]
[WhiteElo "2190"]
[BlackElo "2120"]
[PlyCount "33"]
[EventDate "1994.10.01"]
[EventType "team-tourn"]
[EventRounds "11"]
[EventCountry "GBR"]
[SourceTitle "BritBase"]
[SourceDate "2020.05.17"]
[SourceVersion "1"]
[SourceVersionDate "2020.05.17"]
[SourceQuality "1"]
[WhiteTeam "Slough"]
[BlackTeam "South Wales Dragons"]
[WhiteTeamCountry "ENG"]
[BlackTeamCountry "WLS"]

1. Nf3 d5 2. g3 c6 3. Bg2 Bg4 4. c4 e6 5. O-O Nd7 6. d3 Bd6 7. Nc3 Ne7 8. Rb1
O-O 9. b3 Rc8 10. Bd2 h6 11. cxd5 exd5 12. b4 Nf6 13. Qa4 a6 14. Qb3 Re8 15.
Na4 Ng6 16. Rfe1 Rc7 17. Bc3 1/2-1/2

[Event "4NCL9495 2nd Season"]
[Site "Various Venues"]
[Date "1995.01.21"]
[Round "5.8"]
[White "Dyce->Cast, Abigail"]
[Black "Houska, Jovanka"]
[Result "1-0"]
[WhiteElo "1720"]
[BlackElo "2015"]
[PlyCount "115"]
[EventDate "1994.10.01"]
[EventType "team-tourn"]
[EventRounds "11"]
[EventCountry "GBR"]
[SourceTitle "BritBase"]
[SourceDate "2020.05.17"]
[SourceVersion "1"]
[SourceVersionDate "2020.05.17"]
[SourceQuality "1"]
[WhiteTeam "South Wales Dragons"]
[BlackTeam "Slough"]
[WhiteTeamCountry "WLS"]
[BlackTeamCountry "ENG"]

1. d4 d5 2. Nf3 c6 3. c3 Bf5 4. Bg5 Nd7 5. Nbd2 Ngf6 6. e3 e6 7. Be2 Bd6 8. O-O
Qc7 9. a4 Ne4 10. Bh4 h6 11. Bg3 Nxg3 12. fxg3 Nf6 13. Nh4 Be4 14. Nxe4 dxe4
15. Qe1 Qe7 16. Qf2 Qc7 17. Bc4 Nd5 18. Rae1 Rf8 19. Qc2 g5 20. Ng6 fxg6 21.
Qxe4 O-O-O 22. Qxe6+ Kb8 23. Bxd5 cxd5 24. Qxg6 Qe7 25. Rf5 Rxf5 26. Qxf5 Bc7
27. e4 Rf8 28. Qxd5 Qf6 29. Qf5 Qd6 30. Qg4 Qb6 31. Qe2 Qb3 32. Rf1 Re8 33. Qb5
Qxb5 34. axb5 Bb6 35. Re1 Kc7 36. Kf1 Kd6 37. e5+ Kd5 38. b3 Rc8 39. e6 Re8 40.
Re5+ Kd6 41. c4 Ke7 42. c5 Bc7 43. Re4 Rf8+ 44. Ke2 b6 45. b4 Rf5 46. Kd3 Rf2
47. d5 bxc5 48. bxc5 Ba5 49. d6+ Ke8 50. e7 Rd2+ 51. Ke3 Rd5 52. Re6 Bc3 53. c6
Rxd6 54. Rxd6 Ba5 55. Rxh6 Kxe7 56. Rg6 Bb6+ 57. Ke4 Bg1 58. h4 1-0

[Event "4NCL9495 2nd Season"]
[Site "Various Venues"]
[Date "1995.01.22"]
[Round "6.1"]
[White "Bates, Richard A"]
[Black "Chandler, Murray G"]
[Result "0-1"]
[WhiteElo "2355"]
[BlackElo "2535"]
[PlyCount "72"]
[EventDate "1994.10.01"]
[EventType "team-tourn"]
[EventRounds "11"]
[EventCountry "GBR"]
[SourceTitle "BritBase"]
[SourceDate "2020.05.17"]
[SourceVersion "1"]
[SourceVersionDate "2020.05.17"]
[SourceQuality "1"]
[WhiteTeam "Covent Garden"]
[BlackTeam "BCM"]
[WhiteTeamCountry "ENG"]
[BlackTeamCountry "ENG"]

1. d4 Nf6 2. c4 e6 3. Nf3 b6 4. g3 Ba6 5. b3 Bb7 6. Bg2 Bb4+ 7. Bd2 a5 8. a3
Be7 9. Nc3 O-O 10. Qc2 d5 11. cxd5 exd5 12. Bf4 Na6 13. O-O Bd6 14. Ne5 Qe8 15.
Qf5 Rd8 16. h4 c5 17. h5 Bc8 18. Qd3 cxd4 19. Qxd4 Nc5 20. Rad1 Nxh5 21. e3
Nxb3 22. Qxb6 Bxe5 23. Bxe5 Qxe5 24. Qxb3 Nxg3 25. fxg3 Qxe3+ 26. Kh2 Rd6 27.
Rf4 Rg6 28. Qxd5 Qxg3+ 29. Kg1 Qxf4 30. Rd3 Qc1+ 31. Nd1 Be6 32. Qxa5 h5 33.
Qe1 Rc8 34. Qh4 Qg5 35. Qf2 Rc1 36. Rd2 Bh3 0-1

[Event "4NCL9495 2nd Season"]
[Site "Various Venues"]
[Date "1995.01.22"]
[Round "6.2"]
[White "Mestel, A Jonathan"]
[Black "Harley, Andrew D"]
[Result "1-0"]
[WhiteElo "2520"]
[BlackElo "2285"]
[PlyCount "49"]
[EventDate "1994.10.01"]
[EventType "team-tourn"]
[EventRounds "11"]
[EventCountry "GBR"]
[SourceTitle "BritBase"]
[SourceDate "2020.05.17"]
[SourceVersion "1"]
[SourceVersionDate "2020.05.17"]
[SourceQuality "1"]
[WhiteTeam "BCM"]
[BlackTeam "Covent Garden"]
[WhiteTeamCountry "ENG"]
[BlackTeamCountry "ENG"]

1. c4 Nf6 2. Nc3 c5 3. Nf3 d5 4. cxd5 Nxd5 5. g3 Nc6 6. Bg2 Nc7 7. d3 e5 8. O-O
Be7 9. Nd2 Bd7 10. Nc4 f6 11. f4 b5 12. Ne3 exf4 13. gxf4 Rb8 14. Ned5 Nxd5 15.
Bxd5 Nd4 16. e4 b4 17. f5 g6 18. Ne2 Nxe2+ 19. Qxe2 Bxf5 20. Rxf5 gxf5 21. Bc6+
Kf7 22. Qh5+ Ke6 23. Bf4 fxe4 24. Re1 Rg8+ 25. Kh1 1-0

[Event "4NCL9495 2nd Season"]
[Site "Various Venues"]
[Date "1995.01.22"]
[Round "6.3"]
[White "Franklin, Michael J"]
[Black "Cafferty, Bernard"]
[Result "1/2-1/2"]
[WhiteElo "2240"]
[BlackElo "2290"]
[PlyCount "35"]
[EventDate "1994.10.01"]
[EventType "team-tourn"]
[EventRounds "11"]
[EventCountry "GBR"]
[SourceTitle "BritBase"]
[SourceDate "2020.05.17"]
[SourceVersion "1"]
[SourceVersionDate "2020.05.17"]
[SourceQuality "1"]
[WhiteTeam "Covent Garden"]
[BlackTeam "BCM"]
[WhiteTeamCountry "ENG"]
[BlackTeamCountry "ENG"]

1. c4 Nf6 2. Nc3 e6 3. e3 b6 4. Nf3 Bb7 5. Be2 c5 6. O-O Be7 7. b3 O-O 8. Bb2
d5 9. cxd5 Nxd5 10. d4 Nd7 11. Rc1 Bf6 12. Qd2 Nxc3 13. Bxc3 Rc8 14. Rfd1 Qe7
15. dxc5 Nxc5 16. Bxf6 Qxf6 17. Qd4 Rfd8 18. Qxf6 {Source: Cafferty scoresheet}
1/2-1/2

[Event "4NCL9495 2nd Season"]
[Site "Various Venues"]
[Date "1995.01.22"]
[Round "6.4"]
[White "Wade, Robert Graham"]
[Black "Moore, Gerald"]
[Result "1/2-1/2"]
[WhiteElo "2295"]
[BlackElo "2210"]
[PlyCount "66"]
[EventDate "1994.10.01"]
[EventType "team-tourn"]
[EventRounds "11"]
[EventCountry "GBR"]
[SourceTitle "BritBase"]
[SourceDate "2020.05.17"]
[SourceVersion "1"]
[SourceVersionDate "2020.05.17"]
[SourceQuality "1"]
[WhiteTeam "BCM"]
[BlackTeam "Covent Garden"]
[WhiteTeamCountry "ENG"]
[BlackTeamCountry "ENG"]

1. d4 g6 2. e4 Bg7 3. Be2 c5 4. d5 d6 5. h4 Nf6 6. Nc3 h5 7. Nh3 Na6 8. Ng5 Nc7
9. Bf4 O-O 10. Bf3 Bg4 11. a4 a6 12. O-O b5 13. Qe2 b4 14. Nd1 Bxf3 15. Nxf3
Ng4 16. Rb1 e6 17. dxe6 Nxe6 18. Bg5 Qd7 19. b3 d5 20. exd5 Qxd5 21. Ne3 Nxe3
22. Bxe3 Qe4 23. Qc4 Qxc4 24. bxc4 Rfd8 25. Rfd1 a5 26. Kf1 Nd4 27. Bxd4 cxd4
28. Ke2 Rac8 29. Kd3 Rc5 30. Nd2 Rf5 31. Nf3 Rc5 32. Nd2 Rf5 33. Nf3 Rc5
1/2-1/2

[Event "4NCL9495 2nd Season"]
[Site "Various Venues"]
[Date "1995.01.22"]
[Round "6.5"]
[White "Lyell, Mark"]
[Black "Edwards, Raymond B"]
[Result "0-1"]
[WhiteElo "2260"]
[BlackElo "2125"]
[PlyCount "94"]
[EventDate "1994.10.01"]
[EventType "team-tourn"]
[EventRounds "11"]
[EventCountry "GBR"]
[SourceTitle "BritBase"]
[SourceDate "2020.05.17"]
[SourceVersion "1"]
[SourceVersionDate "2020.05.17"]
[SourceQuality "1"]
[WhiteTeam "Covent Garden"]
[BlackTeam "BCM"]
[WhiteTeamCountry "ENG"]
[BlackTeamCountry "ENG"]

1. e4 c6 2. d4 d5 3. exd5 cxd5 4. c4 Nf6 5. Nc3 e6 6. Nf3 Nc6 7. c5 Ne4 8. Qc2
f5 9. Bb5 Be7 10. Ne5 Bd7 11. Bxc6 bxc6 12. O-O Bf6 13. Nxe4 dxe4 14. f3 exf3
15. Rxf3 O-O 16. Be3 Be8 17. Qc4 Qd5 18. Qxd5 cxd5 19. Bf4 h6 20. Ra3 g5 21.
Bd2 Bxe5 22. dxe5 Bb5 23. Rc1 Rf7 24. Ra5 a6 25. b3 Raa7 26. c6 Rfc7 27. a4 Bd3
28. Bb4 Kf7 29. Bd6 Rc8 30. b4 Raa8 31. Rac5 Be4 32. Kf2 d4 33. g3 f4 34. c7 f3
35. Rd1 d3 36. Ke3 Bd5 37. Rxd3 Ra7 38. b5 axb5 39. axb5 Ra2 40. b6 Re2+ 41.
Kd4 f2 42. Rc1 Re1 43. Rdd1 f1=Q 44. Rxe1 Qf2+ 45. Kd3 Qxb6 46. Rf1+ Kg7 47.
Bf8+ Kg8 0-1

[Event "4NCL9495 2nd Season"]
[Site "Various Venues"]
[Date "1995.01.22"]
[Round "6.6"]
[White "Bennett, Gerald H"]
[Black "McShane, Luke"]
[Result "1-0"]
[WhiteElo "2310"]
[BlackElo "2145"]
[PlyCount "167"]
[EventDate "1994.10.01"]
[EventType "team-tourn"]
[EventRounds "11"]
[EventCountry "GBR"]
[SourceTitle "BritBase"]
[SourceDate "2020.05.17"]
[SourceVersion "1"]
[SourceVersionDate "2020.05.17"]
[SourceQuality "1"]
[WhiteTeam "BCM"]
[BlackTeam "Covent Garden"]
[WhiteTeamCountry "ENG"]
[BlackTeamCountry "ENG"]

1. Nf3 Nf6 2. c4 g6 3. Nc3 Bg7 4. e4 d6 5. g3 O-O 6. Bg2 c5 7. O-O Nc6 8. d3
Bg4 9. h3 Bxf3 10. Bxf3 Ne8 11. Bg2 Nc7 12. f4 Ne6 13. Be3 Ned4 14. Qd2 f5 15.
exf5 gxf5 16. Rfe1 Qd7 17. Kh2 Kh8 18. Ne2 e6 19. Rab1 Nxe2 20. Qxe2 Rf6 21. a3
a5 22. b3 Rg8 23. Bf3 Rh6 24. Bxc6 Qxc6 25. Qg2 d5 26. Re2 Rg6 27. Rg1 Qd6 28.
Qf3 d4 29. Bc1 b6 30. Rgg2 Bf6 31. Bd2 Bd8 32. Ref2 Bc7 33. Bc1 Qf8 34. Re2 h5
35. h4 Rh6 36. Bd2 Qd6 37. Re1 Kh7 38. Ree2 Qd7 39. Re1 Rg4 40. Ree2 Rhg6 41.
Ref2 Rg8 42. Re2 Bd6 43. a4 Kg6 44. Bc1 Kf7 45. Bd2 Rc8 46. Rgf2 Ke7 47. Rg2
Kd8 48. Bc1 Kc7 49. Bd2 Kb8 50. Bc1 Ka7 51. Bd2 Rcg8 52. Bc1 R8g6 53. Bd2 Qd8
54. Be1 Qc7 55. Bd2 e5 56. fxe5 Bxe5 57. Qxf5 Bxg3+ 58. Kh1 Rg7 59. Bg5 Qb7 60.
Qd5 Qxd5 61. cxd5 Kb7 62. Re6 Bc7 63. Rh6 Rd7 64. Rxh5 Rxg2 65. Kxg2 Rxd5 66.
Rh7 Kc6 67. Kf3 Bd8 68. Kf4 b5 69. Rh6+ Kb7 70. axb5 Bc7+ 71. Kg4 Rd6 72. Rh7
Rg6 73. Kf5 Rg8 74. Ke4 Kb6 75. Kd5 Bd8 76. Bxd8+ Rxd8+ 77. Kc4 Rf8 78. Rh6+
Kb7 79. Kxc5 Rd8 80. h5 Rd7 81. Rg6 Rh7 82. h6 Rh8 83. Rg7+ Kc8 84. h7 1-0